000 00545nam a22001937a 4500
001 001255
003 DO-SdBNP
005 20180323133343.0
007 001255
008 160530b 2000 dr |||| 00| 0 spa d
040 _6
_aBPMSU
_bspa
_cBPMSU
100 _aCollins de Colado, Mery
245 _aPinta ilustra no. 6 /
_cMery Collins de Colado
260 _aSanto Domingo :
_c Cromática
_b2000
300 _a64 p. :
_bil. ;
_c29 cm.
942 _2ddc
_cBK
945 _aRemanejado para la BNPHU 2018 VM
956 _aVMATEO
_b10
_c20160530
_dBPMSU
_f0069
999 _c10228
_d10228